006130000a22001930004500003001100000005001700011008004100028020001500069040003900084041000800123082001800131100002600149245007900175260005500254300001900309490002000328650004200348650002900390LK-CoMWRAF20240106100219.0230817t2004 ||||| |||| 00| 0 eng d a9559102729 aLK-CoMWRAFdLK-CoMWRAFeLK-CoMWRAF aeng a346.5493bSAT aSatkunanathan, Ambika aTesawalamai: b protection of community rights or discrimination of women? aColombo : bSocial Scientists' Association,c2004 a15 p. ; 29 cm. aWomen & the law a Women--Legal status, laws,-Sri Lanka aCustomary law--Sri Lanka